[Event "Deutsche Ländermeisterschaft 2017"]
[Site "Hannover GER"]
[Date "2017.09.30"]
[Round "1"]
[White "Butenandt, Svenja"]
[Black "Abicht, Aruna Sophia"]
[Result "0-1"]
[Termination "normal"]
[Board "8.7"]
[WhiteElo "1585"]
[BlackElo "1349"]
[WhiteTeam "Bayern"]
[BlackTeam "Hamburg"]
[PlyCount "84"]
[WhiteFideId "12993859"]
[EventCountry "GER"]
[EventRounds "7"]
[EventType "team-swiss"]
[EventDate "2017.09.29"]

1. e4 e5 2. Nf3 Nc6 3. Nc3 Nf6 4. d4 exd4 5. Nxd4 Bc5 6. Be3 Bb4 7. Nxc6 Bxc3+
8. bxc3 bxc6 9. Bd3 O-O 10. O-O Re8 11. f3 d5 12. Bg5 h6 13. Bxf6 Qxf6 14. exd5
cxd5 15. c4 dxc4 16. Bxc4 Rd8 17. Qe2 Bf5 18. Bd3 Qd4+ 19. Qf2 Qxf2+ 20. Rxf2
Bxd3 21. cxd3 Rxd3 22. Rc2 Rad8 23. Rxc7 Rd1+ 24. Rxd1 Rxd1+ 25. Kf2 Rd2+ 26.
Kg3 Rxa2 27. Rc8+ Kh7 28. h4 a5 29. Ra8 a4 30. h5 a3 31. Ra7 f6 32. Ra8 Ra1 33.
f4 f5 34. Kh2 Rf1 35. Rxa3 Rxf4 36. Rf3 Rxf3 37. gxf3 g6 38. hxg6+ Kxg6 39. Kg3
Kf6 40. Kf4 h5 41. Ke3 Kg5 42. Kf2 Kf4 0-1

[Event "Deutsche Ländermeisterschaft 2017"]
[Site "Hannover GER"]
[Date "2017.09.30"]
[Round "1"]
[White "Recktenwald, Cedric"]
[Black "Degenhard, Simon"]
[Result "1/2-1/2"]
[Termination "normal"]
[Board "9.1"]
[WhiteElo "1745"]
[BlackElo "2211"]
[WhiteTeam "Saarland"]
[BlackTeam "Württemberg"]
[PlyCount "76"]
[WhiteFideId "12971928"]
[BlackFideId "12944017"]
[EventCountry "GER"]
[EventRounds "7"]
[EventType "team-swiss"]
[EventDate "2017.09.29"]

1. e4 c5 2. Nf3 g6 3. d4 cxd4 4. Nxd4 Bg7 5. c4 Nc6 6. Be3 Nf6 7. Nc3 d6 8.
Nxc6 bxc6 9. Be2 Qa5 10. O-O Rb8 11. Qc2 Ng4 12. Bf4 Ne5 13. Rac1 O-O 14. Bd2
Be6 15. b3 f5 16. Nd1 Qc7 17. f3 fxe4 18. Qxe4 Bf5 19. Qe3 Nf7 20. Kh1 a5 21.
Re1 e5 22. Nf2 a4 23. b4 Bh6 24. Qc3 Bxd2 25. Qxd2 Qb6 26. c5 Qxb4 27. Qxb4
Rxb4 28. cxd6 Rc8 29. Bc4 Rb2 30. Ne4 Bxe4 31. Rxe4 Rd8 32. Rxe5 Rxd6 33. Re7
Rc2 34. Bxf7+ Kf8 35. Rce1 Rdd2 36. Ra7 Re2 37. Rd1 Red2 38. Re1 Rd1 1/2-1/2

[Event "Deutsche Ländermeisterschaft 2017"]
[Site "Hannover GER"]
[Date "2017.09.30"]
[Round "1"]
[White "Wendler, David"]
[Black "Jenner, Meikel"]
[Result "1-0"]
[Termination "normal"]
[Board "9.2"]
[WhiteElo "2066"]
[BlackElo "1528"]
[WhiteTeam "Württemberg"]
[BlackTeam "Saarland"]
[PlyCount "41"]
[WhiteFideId "12938360"]
[BlackFideId "16245342"]
[EventCountry "GER"]
[EventRounds "7"]
[EventType "team-swiss"]
[EventDate "2017.09.29"]

1. e4 Nf6 2. e5 Nd5 3. d4 d6 4. c4 Nb6 5. exd6 cxd6 6. Nc3 g6 7. h3 Bg7 8. Nf3
O-O 9. Be2 Nc6 10. Be3 Bf5 11. O-O Rc8 12. Rc1 e5 13. d5 Ne7 14. g4 Bd7 15. Ne4
Ba4 16. Bxb6 Bxd1 17. Bxd8 Bxe2 18. Bxe7 Bxf3 19. Nxd6 Rfe8 20. Nxc8 Rxc8 21.
Rc3 1-0

[Event "Deutsche Ländermeisterschaft 2017"]
[Site "Hannover GER"]
[Date "2017.09.30"]
[Round "1"]
[White "Zimmer, Luca"]
[Black "Yi, Danny"]
[Result "0-1"]
[Termination "normal"]
[Board "9.3"]
[WhiteElo "1628"]
[BlackElo "2070"]
[WhiteTeam "Saarland"]
[BlackTeam "Württemberg"]
[PlyCount "56"]
[WhiteFideId "12921424"]
[BlackFideId "12988588"]
[EventCountry "GER"]
[EventRounds "7"]
[EventType "team-swiss"]
[EventDate "2017.09.29"]

1. e4 e5 2. Nf3 Nc6 3. Bc4 Bc5 4. O-O Nf6 5. d4 Bxd4 6. Nxd4 Nxd4 7. f4 d6 8.
fxe5 dxe5 9. Bg5 Qe7 10. Na3 Bd7 11. c3 Ne6 12. Bxf6 gxf6 13. Kh1 O-O-O 14. Qf3
Nf4 15. Nc2 Rhg8 16. Ne3 f5 17. Nd5 Nxd5 18. Bxd5 f4 19. Qh5 Rg7 20. Qe2 Rdg8
21. Rf2 Qc5 22. Qd2 h5 23. Rf3 Qb6 24. Rg1 h4 25. h3 Rg3 26. Bxf7 Rxf3 27. Bxg8
Rg3 28. Kh2 Rxg8 0-1

[Event "Deutsche Ländermeisterschaft 2017"]
[Site "Hannover GER"]
[Date "2017.09.30"]
[Round "1"]
[White "Leser, Katrin"]
[Black "Jeschke, Jan"]
[Result "1-0"]
[Termination "normal"]
[Board "9.4"]
[WhiteElo "1893"]
[BlackElo "1261"]
[WhiteTeam "Württemberg"]
[BlackTeam "Saarland"]
[PlyCount "67"]
[WhiteFideId "12997692"]
[BlackFideId "16225430"]
[EventCountry "GER"]
[EventRounds "7"]
[EventType "team-swiss"]
[EventDate "2017.09.29"]

1. e4 e6 2. d4 d5 3. Nc3 Bb4 4. e5 c5 5. a3 Bxc3+ 6. bxc3 Ne7 7. Nf3 Nbc6 8. h4
Bd7 9. h5 h6 10. Bd3 Qa5 11. Bd2 c4 12. Be2 O-O-O 13. O-O Kc7 14. Nh4 Nf5 15.
Nxf5 exf5 16. Bf4 Kc8 17. Qd2 Rde8 18. Rfb1 Nd8 19. Rb4 Ne6 20. Bh2 Bc6 21. Qe3
Rhf8 22. Qh3 f6 23. exf6 Rxf6 24. Be5 Ng5 25. Qg3 Rfe6 26. f4 Ne4 27. Qxg7 Nxc3
28. Bf3 R8e7 29. Qf8+ Kd7 30. Qxf5 Nb5 31. Qh3 Nxa3 32. c3 Qd8 33. Rxa3 Qg8 34.
Bg4 1-0

[Event "Deutsche Ländermeisterschaft 2017"]
[Site "Hannover GER"]
[Date "2017.09.30"]
[Round "1"]
[White "Chassard, Cedric"]
[Black "Reindl, Knut"]
[Result "0-1"]
[Termination "normal"]
[Board "9.5"]
[WhiteElo "1518"]
[BlackElo "1682"]
[WhiteTeam "Saarland"]
[BlackTeam "Württemberg"]
[PlyCount "124"]
[WhiteFideId "16243536"]
[BlackFideId "12946753"]
[EventCountry "GER"]
[EventRounds "7"]
[EventType "team-swiss"]
[EventDate "2017.09.29"]

1. e4 c5 2. Bc4 Nc6 3. Nf3 d6 4. c3 Nf6 5. Qe2 Bg4 6. Bb5 Qc7 7. d4 cxd4 8.
cxd4 a6 9. Bxc6+ Qxc6 10. Nc3 d5 11. e5 Ne4 12. Qe3 Nxc3 13. Qxc3 Qxc3+ 14.
bxc3 Rc8 15. Bb2 Bxf3 16. gxf3 e6 17. Rg1 g6 18. Kd2 Be7 19. Rab1 b5 20. Kd3
O-O 21. Bc1 Rc4 22. Bg5 Bxg5 23. Rxg5 Ra4 24. Rb2 Rc8 25. Rg1 Rcc4 26. f4 Ra3
27. Rc1 b4 28. Rbc2 a5 29. h3 Kg7 30. f3 bxc3 31. Rb1 Rca4 32. Rxc3 Rxc3+ 33.
Kxc3 Rxa2 34. Rg1 Ra3+ 35. Kb2 Rxf3 36. Rg4 Rxh3 37. Ka2 Rd3 38. f5 exf5 39.
Rg1 Rxd4 40. Re1 Re4 41. Rd1 Rxe5 42. Ka3 f4 43. Ka4 f3 44. Rf1 Re3 45. Kxa5 g5
46. Kb4 g4 47. Kc5 Rd3 48. Rg1 f5 49. Kd6 f2 50. Rf1 g3 51. Rh1 g2 52. Rc1 f1=Q
53. Rc6 Qf4+ 54. Kd7 Qa4 55. Kd6 Qb4+ 56. Ke6 Re3+ 57. Kd7 Qb7+ 58. Rc7 Re7+
59. Kxe7 Qxc7+ 60. Ke6 g1=Q 61. Kxd5 Qgc5+ 62. Ke6 Q7e7# 0-1

[Event "Deutsche Ländermeisterschaft 2017"]
[Site "Hannover GER"]
[Date "2017.09.30"]
[Round "1"]
[White "Kobald, Jacqueline"]
[Black "Fuchs, Emily"]
[Result "0-1"]
[Termination "normal"]
[Board "9.6"]
[WhiteElo "1833"]
[BlackElo "1275"]
[WhiteTeam "Württemberg"]
[BlackTeam "Saarland"]
[PlyCount "118"]
[WhiteFideId "12988162"]
[BlackFideId "16208986"]
[EventCountry "GER"]
[EventRounds "7"]
[EventType "team-swiss"]
[EventDate "2017.09.29"]

1. e4 e5 2. Nf3 Nc6 3. Bb5 a6 4. Ba4 Nf6 5. O-O b5 6. Bb3 Be7 7. Re1 Bb7 8. d3
O-O 9. a4 Re8 10. Nc3 Bb4 11. Bd2 Bxc3 12. Bxc3 b4 13. Bd2 h6 14. c3 bxc3 15.
bxc3 d5 16. Qc2 Qd6 17. a5 Rad8 18. Qa2 Re7 19. Bc1 Red7 20. Ba3 Qe6 21. h3
Nxa5 22. Bc2 Nc6 23. Rab1 Ba8 24. Bc5 a5 25. Bb3 Qe8 26. Ba4 dxe4 27. dxe4 Rd3
28. Qc2 Qe6 29. Bb5 R3d7 30. Qa4 Ne8 31. Bc4 Qg6 32. Bb5 Qe6 33. Bc4 Qg6 34.
Bd5 Rxd5 35. exd5 Rxd5 36. Ba3 Nd6 37. c4 Rd3 38. Nh4 Qg5 39. Bxd6 cxd6 40. g3
Rxg3+ 41. fxg3 Qxg3+ 42. Ng2 Nd4 43. Qe8+ Kh7 44. Qxa8 Nf3+ 45. Kf1 Nd2+ 46.
Ke2 e4 47. Qd5 Qxg2+ 48. Kd1 Nxb1 49. Qf5+ Qg6 50. Qxg6+ Kxg6 51. Kc2 Na3+ 52.
Kb3 Nxc4 53. Kxc4 Kf5 54. Kd5 g5 55. Rxe4 Kg6 56. Ra4 Kh5 57. Ke4 Kh4 58. Ra3
g4 59. hxg4 Kxg4 0-1

[Event "Deutsche Ländermeisterschaft 2017"]
[Site "Hannover GER"]
[Date "2017.09.30"]
[Round "1"]
[White "Huppert, Anna"]
[Black "Reindl, Jork"]
[Result "0-1"]
[Termination "normal"]
[Board "9.7"]
[WhiteElo "1419"]
[BlackElo "1509"]
[WhiteTeam "Saarland"]
[BlackTeam "Württemberg"]
[PlyCount "92"]
[WhiteFideId "16214439"]
[BlackFideId "16200152"]
[EventCountry "GER"]
[EventRounds "7"]
[EventType "team-swiss"]
[EventDate "2017.09.29"]

1. e4 e6 2. d4 d5 3. e5 c5 4. c3 Nc6 5. Nf3 Qb6 6. Be2 Bd7 7. O-O Qc7 8. Re1
Nge7 9. Be3 Nf5 10. Bd3 cxd4 11. cxd4 Nxe3 12. Rxe3 Qb6 13. Nc3 Nxd4 14. Nxd4
Qxd4 15. Nb5 Qb6 16. Qb3 Bc5 17. Re2 Ke7 18. Rc1 Rac8 19. Rd1 Rc6 20. Qa4 Rhc8
21. Qh4+ Ke8 22. Nd6+ Bxd6 23. exd6 Rxd6 24. Qxh7 Qd4 25. Bc2 Qxb2 26. Bd3 Qf6
27. h3 Qh6 28. Qxh6 gxh6 29. Be4 Bb5 30. Ree1 Bc4 31. a3 Ke7 32. Bf3 b5 33. Rc1
Rcd8 34. a4 d4 35. Red1 d3 36. Rd2 Ra6 37. Rc3 Rdd6 38. h4 e5 39. Bd1 Rac6 40.
Kh2 f5 41. g3 a5 42. Kh3 e4 43. Kg2 e3 44. fxe3 Bd5+ 45. Kf2 Rxc3 46. Ke1 Bb3
0-1

[Event "Deutsche Ländermeisterschaft 2017"]
[Site "Hannover GER"]
[Date "2017.09.30"]
[Round "1"]
[White "Liu, Sijia Anna"]
[Black "Alhassan, Jodi"]
[Result "1-0"]
[Termination "normal"]
[Board "9.8"]
[WhiteElo "1577"]
[BlackElo "966"]
[WhiteTeam "Württemberg"]
[BlackTeam "Saarland"]
[PlyCount "41"]
[WhiteFideId "12989746"]
[BlackFideId "16250460"]
[EventCountry "GER"]
[EventRounds "7"]
[EventType "team-swiss"]
[EventDate "2017.09.29"]

1. e4 e5 2. Nf3 Nc6 3. Bb5 a6 4. Ba4 Nf6 5. O-O Bc5 6. d3 d6 7. c3 O-O 8. Bg5
Bg4 9. Nbd2 b5 10. Bc2 Re8 11. Re1 Rb8 12. b4 Ba7 13. Nf1 h6 14. Bh4 Rc8 15.
Ne3 Bh5 16. Bb3 Rf8 17. Nd5 Re8 18. Qd2 Nb8 19. Nxf6+ gxf6 20. Qxh6 Bg6 21.
Qxg6+ 1-0